Doğu ve Güneydoğu -- ön rapor (Record no. 1383)

MARC details
000 -BAŞLIK
Sabit Uzunlukta Kontrol Alanı 02799na a2200445 4500
001 - KONTROL NUMARASI
Denetim Alanı 21508
003 - KONTROL NUMARASI IDENTIFIER
Denetim Alanı MIRAKIL
005 - SON İŞLEM TARİHİ VE ZAMANI
Denetim Alanı 20181213154821.0
008 - SABİT-BOY VERİ ELEMANLARI - GENEL BİLGİLER
Sabit Uzunlukta Kontrol Alanı 170206b tu 000 0
035 ## - SİSTEM KONTROL NUMARASI
Sistem Kontrol Numarası 13036
040 ## - KATALOGLAMA KAYNAK
Orijinal Kataloglama Ajansı Milas
Kataloglama Dili tur
Metne Dönüştürmek Ajansı TR-AnCHP
041 ## - DİL KODU
Metin / Ses Parça Veya Ayrı Başlığın Dil Kodu tur
082 ## - DEWEY ONLU SINIFLANDIRMA NUMARASI
Sınıflandırma Numarası CHP 338.9566
Ürün Numarası C36d 1998/5
090 ## - SINIFLAMA NUMARASI
Sınıflama Numarası CHP 338.9566 C36d 1998/5
110 ## - ANA GİRİŞ - KURUMSAL ADI
Giriş Elemanı Olarak Kurumsal Ad Veya Yargı Alanı Adı Cumhuriyet Halk Partisi (CHP)
Alt Birim Merkez Yönetim Kurulu (MYK)
-- Somut Politikalar Çalışma Grubu
245 ## - BAŞLIK TABLOSU
Başlık Doğu ve Güneydoğu -- ön rapor
Başlığın Kalan Mayıs 1998
Sorumluluk Tablosu, Vb Cumhuriyet Halk Partisi Merkez Yönetim Kurulu Somut Politikalar Çalışma Grubu
260 ## - YAYIN, DAĞITIM, VB
Yayın, Dağıtım, Vb Yeri Ankara
Yayıncı, Dağıtıcı, Vs Adı CHP
Yayın, Dağıtım, Vb Tarihi Mayıs 1998
300 ## - FİZİKSEL TANIM
Kapsam 37 s.
Diğer Fiziksel Ayrıntıları tbl.
Boyutlar 30 sm.
440 ## - SERİSİ TABLOSU / KATMA GİRİŞİ - BAŞLIK
Başlık Cumhuriyet Halk Partisi yayınları
Bir İşin Parçası / Bölümün İsmi Raporlar
490 ## - SERİSİ TABLOSU
Seri Beyanı Somut Politikalar Çalışma Grubu
Hacim / Ardışık Tanımı 16
500 ## - GENEL NOT
Genel Not CHP Somut Politikalar Çalışma Grubu'un mayıs 1998 ön raporudur.
500 ## - GENEL NOT
Genel Not 5 adet bulunur. Yerel numaradaki sayılar, raporların sunulduğu ayları temsil eder : Ocak -1 ; Şubat -2 ; Mart -3 ; Nisan -4 ; Mayıs -5; Haziran -6 ; Temmuz-7 ; Ağustos -8 ; Eylül -9 ; Ekim -10 ; Kasım -11 ; Aralık -12
505 ## - BİÇİMLENDİRİLDİ İÇİNDEKİLER NOT
Biçimlendirilmiş İçeriği Dikkat Bölge sorunları altında eziliyor - Çözüm, demokratikleşme ve sosyo-ekonomik kalkınmadır - Bölgenin demografik ve ekonomik konumu - Bölgede göç olgusu - Köy ve mezraların zorunlu olarak boşaltılması - Yatırımlar duruyor, feodal yapı aşılamıyor - Boşaltılan köylerin mağduriyetlerinin giderilmesi temel öncelik olmalıdır - Bölgesel ekonomik kalkınma planı sorunların aşılmasının anahtarıdır - Bölgede uygulamaya konacak tüm sosyo-ekonomik politika ve projeler bölgesel kalkınma planı çerçevesinde ele alınmalıdır - Bugüne kadar bu konuda ne diye başarılı olunamadı - KEK, bölgesel ekonomik kalkınmadan sorunlu olmalıdır - KEK olanakları ve yetkileri geniş, esnek, demokratik bir kurum olarak oluşturulmalıdır - Başarı; bölge merkezi, katılımcı etkin yönetim ile sağlanabilir
610 ## - KONU KATMA GİRİŞ - TOPLANTI ADI
Giriş Elemanı Olarak Kurumsal Ad Veya Yargı Alanı Adı CHP
Genel Alt Bölüm Bölgesel kalkınma politikaları
Coğrafi Alt Bölüm Doğu ve Güneydoğu Anadolu Bölgesi
610 ## - KONU KATMA GİRİŞ - TOPLANTI ADI
Giriş Elemanı Olarak Kurumsal Ad Veya Yargı Alanı Adı CHP
Genel Alt Bölüm Doğu ve Güneydoğu politikaları
610 ## - KONU KATMA GİRİŞ - TOPLANTI ADI
Giriş Elemanı Olarak Kurumsal Ad Veya Yargı Alanı Adı CHP
Genel Alt Bölüm Kürt sorunu
Kronolojik Alt Bölüm Ön raporlar
610 ## - KONU KATMA GİRİŞ - TOPLANTI ADI
Giriş Elemanı Olarak Kurumsal Ad Veya Yargı Alanı Adı CHP
Genel Alt Bölüm Kürt sorunu
Kronolojik Alt Bölüm Çözüm önerileri
610 ## - KONU KATMA GİRİŞ - TOPLANTI ADI
Giriş Elemanı Olarak Kurumsal Ad Veya Yargı Alanı Adı CHP
Genel Alt Bölüm Doğu ve Güneydoğu sorunu
Kronolojik Alt Bölüm Ön raporlar
650 ## - KONU KATMA GİRİŞ - TOPİKAL DÖNEM
Topikal Süreli Veya Coğrafi Ad Giriş Elemanı Kürt sorunu
Genel Alt Bölümü Raporlar
Coğrafi Alt Bölümü Türkiye
650 ## - KONU KATMA GİRİŞ - TOPİKAL DÖNEM
Topikal Süreli Veya Coğrafi Ad Giriş Elemanı Terörizm
Genel Alt Bölümü Raporlar
Coğrafi Alt Bölümü Türkiye
651 ## - KONU KATMA GİRİŞ - COĞRAFİ ADI
Coğrafi İsim Doğu ve Güneydoğu Anadolu Bölgesi
Genel Alt Bölümü Sosyo ekonomik durum
Kronolojik Alt Bölümü Raporlar
740 ## - KATMA GİRİŞ - KONTROLSUZ İLGİLİ / ANALİTİK BAŞLIK
Kontrol Edilmeyen / İlgili Analitik Başlıktaki Doğu raporları
740 ## - KATMA GİRİŞ - KONTROLSUZ İLGİLİ / ANALİTİK BAŞLIK
Kontrol Edilmeyen / İlgili Analitik Başlıktaki Doğu ve Güneydoğu raporları
830 ## - SERİSİ EKLENDİ GİRİŞ - ÜNİFORM ADI
Üniforma Başlık CHP raporları
942 ## - EKLENDİ GİRİŞ ELEMANLARI (KOHA)
Sınıflandırma Veya Raf Düzeni Kaynak
Koha Öğesi Türü Books
999 ## - SİSTEM KONTROL NUMARALARI (KOHA)
Koha Biblionumber 1383
Koha Biblioitemnumber 1383
657 ## - INDEX SÜRE - İŞLEVİ
-- CHP doğu ve Güneydoğu raporu, 1998
657 ## - INDEX SÜRE - İŞLEVİ
-- CHP kürt sorunu raporu, 1998
657 ## - INDEX SÜRE - İŞLEVİ
-- Somut politikalar raporu, 1998
Holdings
Kalıcı Konum Mevcut Konum Edinme Tarihi Edinim Kaynak Toplam Check-Out'Lar Tam Çağrı Numarası Barkod Tarih Son Görülme İtibaren Geçerli Fiyatlar Sigara Kamu Notu Koha Öğesi Türü
ARŞİV ARŞİV 02/05/2017 Bağış   CHP 338.9566 C36d 1998/5 014017 02/05/2017 02/05/2017 Fotokopi Books